[Event "South Wales op 18th"]
[Site "Bridgend"]
[Date "2023.07.11"]
[Round "8"]
[White "Harandi, Teymour"]
[Black "Thomas, James M"]
[Result "0-1"]
[WhiteElo "1426"]
[BlackElo "1905"]
[PlyCount "78"]
[EventDate "2023.07.07"]
[EventType "swiss"]
[EventRounds "9"]
[EventCountry "WLS"]
[SourceTitle "CBM 215 Extra"]
[Source "ChessBase"]
[SourceDate "2023.09.30"]
[SourceVersion "1"]
[SourceVersionDate "2023.09.30"]
[SourceQuality "1"]

1. e4 e5 2. Nf3 Nc6 3. d4 exd4 4. Nxd4 Bc5 5. Nb3 Bb6 6. Nc3 Nf6 7. Qe2 0-0 8. Be3 Re8 9. f3 d6 10. h4 Nh5 11. Bf2 f5 12. 0-0-0 Nf6 13. Bxb6 axb6 14. Qd3 fxe4 15. fxe4 Be6 16. a3 Ne5 17. Qd2 Bxb3 18. cxb3 Qe7 19. Re1 c6 20. Bd3 b5 21. b4 Nfd7 22. h5 Rf8 23. h6 g6 24. Ref1 Rxf1+ 25. Rxf1 Rf8 26. Qe2 Qg5+ 27. Kc2 Qxh6 28. Rxf8+ Qxf8 29. Qf1 Nxd3 30. Qxf8+ Kxf8 31. Kxd3 Ne5+ 32. Kc2 Ke7 33. a4 bxa4 34. Nxa4 h5 35. Nc3 h4 36. Ne2 g5 37. b3 Kf6 38. Kd2 Ng6 39. Ke3 g4 0-1

[Event "South Wales Late Summer op"]
[Site "Cardiff"]
[Date "2022.09.03"]
[Round "2"]
[White "Thomas, James M"]
[Black "Young, Alan J"]
[Result "0-1"]
[WhiteElo "1922"]
[BlackElo "2088"]
[PlyCount "102"]
[EventDate "2022.09.02"]
[EventType "swiss"]
[EventRounds "5"]
[EventCountry "WLS"]
[SourceTitle "EXT 2024"]
[Source "ChessBase"]
[SourceDate "2023.10.10"]
[SourceVersion "1"]
[SourceVersionDate "2023.10.10"]
[SourceQuality "1"]

1. e4 e5 2. Nf3 Nc6 3. Bc4 Nf6 4. d4 exd4 5. 0-0 Be7 6. e5 Ne4 7. Bd5 Nc5 8. Nxd4 Nxe5 9. Nf5 0-0 10. Re1 Bf6 11. Be3 d6 12. Nd4 c6 13. Bb3 Ng4 14. Bf4 Be5 15. Bxe5 dxe5 16. Nf3 Qb6 17. Qe2 e4 18. Ng5 Qc7 19. g3 Nxb3 20. axb3 f5 21. Nh3 Ne5 22. Nd2 Bd7 23. f4 Ng4 24. Nc4 b5 25. Ne3 Qb6 26. Nf2 Nf6 27. c4 a6 28. b4 c5 29. bxc5 Qxc5 30. Rad1 Rad8 31. b3 Be6 32. h3 Bf7 33. g4 fxg4 34. hxg4 bxc4 35. bxc4 Rc8 36. g5 Bh5 37. Qa2 Bxd1 38. gxf6 Bf3 39. fxg7 Rf7 40. Qxa6 Rxg7+ 41. Kf1 Rf8 42. Qe6+ Rgf7 43. Nfg4 Bxg4 44. Nxg4 Kh8 45. Ke2 Rxf4 46. Rh1 Rf2+ 47. Nxf2 Qxf2+ 48. Kd1 Rd8+ 49. Kc1 Qd2+ 50. Kb1 Rb8+ 51. Ka1 Qb2# 0-1

[Event "South Wales Late Summer op"]
[Site "Cardiff"]
[Date "2022.09.02"]
[Round "1"]
[White "Ley, Cyril J"]
[Black "Thomas, James M"]
[Result "0-1"]
[WhiteElo "1571"]
[BlackElo "1922"]
[PlyCount "50"]
[EventDate "2022.09.02"]
[EventType "swiss"]
[EventRounds "5"]
[EventCountry "WLS"]
[SourceTitle "EXT 2024"]
[Source "ChessBase"]
[SourceDate "2023.10.10"]
[SourceVersion "1"]
[SourceVersionDate "2023.10.10"]
[SourceQuality "1"]

1. c4 e5 2. b3 Nc6 3. a3 f5 4. Bb2 Nf6 5. Nf3 d6 6. e3 Be7 7. Be2 0-0 8. 0-0 Qe8 9. c5 e4 10. cxd6 Bxd6 11. Bxf6 Rxf6 12. Ng5 h6 13. Nh3 Qe5 14. Nf4 Qxa1 15. Bc4+ Kh7 16. Nd5 Rg6 17. g3 Qe5 18. Nbc3 Na5 19. Be2 Be6 20. f4 exf3 21. Bxf3 Rxg3+ 22. hxg3 Qxg3+ 23. Bg2 Qh2+ 24. Kf2 Bg3+ 25. Kf3 Bf7 0-1

[Event "WLS-chT 1516"]
[Site "Wales"]
[Date "2016.04.16"]
[Round "6.9"]
[White "Adams, Mark"]
[Black "Thomas, James M"]
[Result "1/2-1/2"]
[WhiteElo "1984"]
[BlackElo "1932"]
[PlyCount "60"]
[EventDate "2015.11.01"]
[EventType "team-tourn"]
[EventRounds "7"]
[EventCountry "WLS"]
[SourceTitle "EXT 2018"]
[Source "ChessBase"]
[SourceDate "2017.10.13"]
[SourceVersion "1"]
[SourceVersionDate "2017.10.13"]
[SourceQuality "1"]

1. e4 e6 2. d4 d5 3. Nc3 Nf6 4. e5 Nfd7 5. f4 c5 6. Nf3 Nc6 7. Be3 cxd4 8. Nxd4 Bc5 9. Qd2 a6 10. 0-0-0 Nxd4 11. Bxd4 0-0 12. g3 b5 13. Bg2 Qa5 14. Bxc5 Nxc5 15. Kb1 b4 16. Ne2 Rb8 17. Nd4 Bd7 18. Nb3 Nxb3 19. cxb3 Rfd8 20. Qd4 Qb6 21. Qxb6 Rxb6 22. Rc1 Bb5 23. Bf1 h5 24. Bxb5 axb5 25. Rc5 Kh7 26. Rd1 d4 27. Kc2 Kg6 28. Kd3 Kf5 29. Rd2 Rb7 30. Rdc2 Rdd7 1/2-1/2

[Event "WLS-ch 62nd"]
[Site "Cardiff"]
[Date "2016.03.26"]
[Round "4"]
[White "Thomas, James M"]
[Black "Davis, Lee"]
[Result "1/2-1/2"]
[WhiteElo "1911"]
[BlackElo "1977"]
[PlyCount "62"]
[EventDate "2016.03.25"]
[EventType "swiss"]
[EventRounds "7"]
[EventCountry "WLS"]
[SourceTitle "CBM 171 Extra"]
[Source "ChessBase"]
[SourceDate "2016.04.26"]
[SourceVersion "1"]
[SourceVersionDate "2016.04.26"]
[SourceQuality "1"]

1. e4 g6 2. d4 d6 3. Nc3 Bg7 4. Bg5 Nf6 5. Qd2 h6 6. Bh4 g5 7. Bg3 Nh5 8. Be2 Nxg3 9. hxg3 Nc6 10. d5 Nd4 11. Bh5 c6 12. Nf3 Nxf3+ 13. gxf3 Qa5 14. 0-0-0 cxd5 15. Qxd5 Bxc3 16. Bxf7+ Kf8 17. bxc3 Qxc3 18. Bh5 Qf6 19. e5 dxe5 20. Rhe1 Be6 21. Qxe5 Bxa2 22. Qxf6+ exf6 23. Rd6 Rh7 24. Rxf6+ Kg8 25. Bg4 Rf8 26. Rg6+ Kh8 27. Kb2 Bf7 28. Rd6 h5 29. Bf5 Rg7 30. Rf6 Kg8 31. Rd6 Bc4 1/2-1/2

[Event "South Wales op 11th"]
[Site "Cardiff"]
[Date "2014.08.27"]
[Round "5"]
[White "Bullen, Alex"]
[Black "Thomas, James M"]
[Result "0-1"]
[WhiteElo "2006"]
[BlackElo "1872"]
[PlyCount "74"]
[EventDate "2014.08.25"]
[EventType "swiss"]
[EventRounds "9"]
[EventCountry "WLS"]
[SourceTitle "CBM 162 Extra"]
[Source "ChessBase"]
[SourceDate "2014.10.17"]
[SourceVersion "1"]
[SourceVersionDate "2014.10.17"]
[SourceQuality "1"]

1. e4 c5 2. Nf3 g6 3. d4 cxd4 4. Qxd4 Nf6 5. Nc3 Nc6 6. Qa4 d6 7. e5 dxe5 8. Nxe5 Qd4 9. Qxd4 Nxd4 10. Bd3 Be6 11. Be3 0-0-0 12. Na4 Rd5 13. f4 Ng4 14. Nxg4 Bxg4 15. Be4 Rd6 16. Nc5 b6 17. Nb3 Nxb3 18. axb3 Re6 19. Ra4 b5 20. Rxa7 Rxe4 21. Kf2 Bg7 22. h3 Be6 23. Ra5 Kc7 24. Rha1 Rb8 25. Ra7+ Rb7 26. Ra8 Bxb2 27. Rd1 Bc3 28. Kf3 f5 29. g4 Bd7 30. Rd5 Bc6 31. Rc5 Rc4+ 32. Kf2 Rxc5 33. Bxc5 Kd7 34. gxf5 gxf5 35. Rf8 Ke6 36. Rc8 Be4 37. Bxe7 Bd4+ 0-1

[Event "South Wales op 10th"]
[Site "Penarth"]
[Date "2013.07.18"]
[Round "8"]
[White "Thomas, James M"]
[Black "Du Toit, Stephanie"]
[Result "1/2-1/2"]
[WhiteElo "1887"]
[BlackElo "1603"]
[PlyCount "40"]
[EventDate "2013.07.14"]
[EventType "swiss"]
[EventRounds "9"]
[EventCountry "WLS"]
[SourceTitle "CBM 155 Extra"]
[Source "ChessBase"]
[SourceDate "2013.08.26"]
[SourceVersion "1"]
[SourceVersionDate "2013.08.26"]
[SourceQuality "1"]

1. g3 e5 2. c4 Nc6 3. Bg2 g6 4. Nc3 Bg7 5. Rb1 f5 6. d3 Nf6 7. e3 0-0 8. Nge2 d6 9. 0-0 Be6 10. b4 a6 11. Nd5 Qd7 12. a4 Rab8 13. Qc2 Bf7 14. Rd1 Nxd5 15. cxd5 Ne7 16. e4 fxe4 17. dxe4 c6 18. Bb2 cxd5 19. exd5 Nf5 20. Qb3 Rbc8 1/2-1/2

[Event "South Wales op 10th"]
[Site "Penarth"]
[Date "2013.07.17"]
[Round "7"]
[White "Hurn, Robert AJ"]
[Black "Thomas, James M"]
[Result "1/2-1/2"]
[WhiteElo "1770"]
[BlackElo "1887"]
[PlyCount "37"]
[EventDate "2013.07.14"]
[EventType "swiss"]
[EventRounds "9"]
[EventCountry "WLS"]
[SourceTitle "CBM 155 Extra"]
[Source "ChessBase"]
[SourceDate "2013.08.26"]
[SourceVersion "1"]
[SourceVersionDate "2013.08.26"]
[SourceQuality "1"]

1. d4 d5 2. c4 e6 3. Nc3 Nf6 4. cxd5 exd5 5. Bg5 c6 6. e3 Be7 7. Qc2 Nbd7 8. Bd3 h6 9. Bh4 0-0 10. Nge2 Re8 11. 0-0 a6 12. f3 c5 13. Qd2 cxd4 14. exd4 b5 15. Rac1 Bb7 16. Rfe1 Rc8 17. Bb1 Nf8 18. Qd3 Ng6 19. Bg3 1/2-1/2

[Event "South Wales op 9th"]
[Site "Penarth"]
[Date "2012.07.12"]
[Round "9"]
[White "Rodriguez, Juan Talavera"]
[Black "Thomas, James M"]
[Result "0-1"]
[WhiteElo "2061"]
[BlackElo "1864"]
[PlyCount "60"]
[EventDate "2012.07.08"]
[EventType "swiss"]
[EventRounds "9"]
[EventCountry "WLS"]
[SourceTitle "CBM 149 Extra"]
[Source "ChessBase"]
[SourceDate "2012.08.24"]
[SourceVersion "1"]
[SourceVersionDate "2012.08.24"]
[SourceQuality "1"]

1. e4 e6 2. d4 d5 3. Nc3 dxe4 4. Nxe4 Nd7 5. Nf3 Ngf6 6. Bg5 h6 7. Bh4 Be7 8. Ned2 0-0 9. Bd3 c5 10. c3 cxd4 11. cxd4 b6 12. 0-0 Bb7 13. Rc1 Nd5 14. Bg3 N7f6 15. h3 Bd6 16. Ne5 Nb4 17. Bb1 Bxe5 18. dxe5 Qd5 19. Nf3 Nd7 20. Qa4 Nd3 21. Rfd1 N7c5 22. Rxc5 Nxc5 23. Rxd5 Nxa4 24. Rd2 Rfd8 25. b3 Bxf3 26. Rxd8+ Rxd8 27. bxa4 Rd1+ 28. Kh2 Rxb1 29. gxf3 Ra1 30. a5 b5 0-1

[Event "South Wales op 9th"]
[Site "Penarth"]
[Date "2012.07.08"]
[Round "2"]
[White "Thomas, James M"]
[Black "Arkell, Keith C"]
[Result "0-1"]
[WhiteElo "1864"]
[BlackElo "2441"]
[PlyCount "126"]
[EventDate "2012.07.08"]
[EventType "swiss"]
[EventRounds "9"]
[EventCountry "WLS"]
[SourceTitle "CBM 149 Extra"]
[Source "ChessBase"]
[SourceDate "2012.08.24"]
[SourceVersion "1"]
[SourceVersionDate "2012.08.24"]
[SourceQuality "1"]

1. c4 c5 2. g3 Nc6 3. Nc3 g6 4. Bg2 Bg7 5. d3 e6 6. e4 Nge7 7. Nge2 Rb8 8. 0-0 a6 9. Be3 Nd4 10. Rb1 Nec6 11. a3 b5 12. cxb5 axb5 13. b4 Qe7 14. bxc5 Qxc5 15. Qc1 Ba6 16. Rd1 0-0 17. Rd2 Rfc8 18. Na2 Nxe2+ 19. Rxe2 Qe7 20. Rc2 Nd4 21. Bxd4 Bxd4 22. Nb4 Bb7 23. Qd2 Qf6 24. Rbc1 Rxc2 25. Rxc2 Bb6 26. Qf4 Qxf4 27. gxf4 Ra8 28. Rc3 f5 29. e5 Bxg2 30. Kxg2 Kf7 31. d4 Ra4 32. d5 exd5 33. Nxd5 Bd8 34. Nb4 Be7 35. Rd3 Ke6 36. Nd5 Bd8 37. Nb4 Bc7 38. Nd5 Bd8 39. Nb4 Be7 40. Nd5 Bxa3 41. Nb6 Ra7 42. Nxd7 Rxd7 43. Rxa3 Rb7 44. Kf3 b4 45. Rb3 Kd5 46. Ke3 Kc4 47. Rb1 b3 48. Kd2 Kd4 49. f3 Kc4 50. e6 Kd5 51. Re1 Kd6 52. e7 Rxe7 53. Rxe7 Kxe7 54. Kc3 Kf6 55. Kxb3 g5 56. Kc3 g4 57. Kd3 gxf3 58. Ke3 Ke6 59. Kxf3 Kd5 60. h3 Kd4 61. Kf2 Ke4 62. Kg3 Ke3 63. h4 h5 0-1

[Event "South Wales op 8th"]
[Site "Penarth"]
[Date "2011.07.13"]
[Round "8"]
[White "Jones, Jeremy"]
[Black "Thomas, James M"]
[Result "1/2-1/2"]
[WhiteElo "1593"]
[BlackElo "1860"]
[PlyCount "47"]
[EventDate "2011.07.09"]
[EventType "swiss"]
[EventRounds "9"]
[EventCountry "WLS"]
[SourceTitle "CBM 143 Extra"]
[Source "ChessBase"]
[SourceDate "2011.08.29"]
[SourceVersion "1"]
[SourceVersionDate "2011.08.29"]
[SourceQuality "1"]

1. d4 e6 2. c4 b6 3. Nc3 Bb7 4. e4 Bb4 5. Bd3 Ne7 6. Nge2 d6 7. a3 Bxc3+ 8. Nxc3 e5 9. dxe5 dxe5 10. 0-0 Nd7 11. Be3 0-0 12. b4 Ng6 13. Be2 Nf6 14. Qxd8 Rfxd8 15. f3 Ne8 16. Rfd1 c6 17. c5 b5 18. a4 a6 19. axb5 axb5 20. Kf2 Nf8 21. Rxd8 Rxd8 22. Ra7 Rb8 23. f4 f6 24. f5 1/2-1/2

[Event "South Wales op 8th"]
[Site "Penarth"]
[Date "2011.07.11"]
[Round "5"]
[White "Thomas, James M"]
[Black "Bridges, Paul"]
[Result "1/2-1/2"]
[WhiteElo "1860"]
[BlackElo "1854"]
[PlyCount "48"]
[EventDate "2011.07.09"]
[EventType "swiss"]
[EventRounds "9"]
[EventCountry "WLS"]
[SourceTitle "CBM 143 Extra"]
[Source "ChessBase"]
[SourceDate "2011.08.29"]
[SourceVersion "1"]
[SourceVersionDate "2011.08.29"]
[SourceQuality "1"]

1. c4 e6 2. g3 d5 3. Bg2 c6 4. cxd5 exd5 5. d4 f5 6. Nc3 Bd6 7. Nh3 Nf6 8. Bf4 0-0 9. Bxd6 Qxd6 10. e3 Na6 11. 0-0 Nc7 12. Nf4 Ne6 13. Nd3 Ng5 14. Rb1 Bd7 15. h4 Nge4 16. Ne5 Be8 17. Ne2 Nd7 18. Nxd7 Bxd7 19. Nf4 Rae8 20. Qc2 h6 21. Nd3 g5 22. hxg5 hxg5 23. Ne5 Bc8 24. Bf3 Kg7 1/2-1/2

[Event "WLS-ch 57th"]
[Site "Cardiff"]
[Date "2011.04.25"]
[Round "7"]
[White "Lexton, Michael J"]
[Black "Thomas, James M"]
[Result "1/2-1/2"]
[WhiteElo "2052"]
[BlackElo "1839"]
[PlyCount "35"]
[EventDate "2011.04.22"]
[EventType "swiss"]
[EventRounds "7"]
[EventCountry "WLS"]
[SourceTitle "CBM 142 Extra"]
[Source "ChessBase"]
[SourceDate "2011.06.27"]
[SourceVersion "1"]
[SourceVersionDate "2011.06.27"]
[SourceQuality "1"]

1. e4 c5 2. Nf3 g6 3. d4 cxd4 4. Nxd4 Nc6 5. c4 Nf6 6. Be3 d6 7. f3 Bg7 8. Nc3 0-0 9. Be2 Nxd4 10. Bxd4 Be6 11. Qd2 Qa5 12. 0-0 Rfc8 13. b3 b5 14. b4 Qxb4 15. Rab1 Qa5 16. Rxb5 Qd8 17. Nd5 Bxd5 18. cxd5 1/2-1/2

[Event "WLS-ch 57th"]
[Site "Cardiff"]
[Date "2011.04.24"]
[Round "4"]
[White "Thomas, James M"]
[Black "Davis, Lee"]
[Result "1/2-1/2"]
[WhiteElo "1839"]
[BlackElo "1974"]
[PlyCount "94"]
[EventDate "2011.04.22"]
[EventType "swiss"]
[EventRounds "7"]
[EventCountry "WLS"]
[SourceTitle "CBM 142 Extra"]
[Source "ChessBase"]
[SourceDate "2011.06.27"]
[SourceVersion "1"]
[SourceVersionDate "2011.06.27"]
[SourceQuality "1"]

1. g3 g6 2. f4 Bg7 3. Nf3 d6 4. Bg2 c6 5. c3 Nf6 6. 0-0 Nbd7 7. d3 Qb6+ 8. Kh1 e5 9. fxe5 dxe5 10. e4 0-0 11. Qe2 Qc7 12. Be3 b6 13. d4 Re8 14. Nxe5 Nxe5 15. dxe5 Ng4 16. Bf4 Bxe5 17. Nd2 a5 18. Qf3 Kg7 19. h3 Nh6 20. Rf2 Be6 21. Qe3 Ng8 22. Nf3 Bxf4 23. gxf4 f6 24. Nd4 Bf7 25. e5 fxe5 26. Nxc6 e4 27. Ne5 Nf6 28. Bxe4 Rad8 29. Bf3 Nd7 30. Re2 Nc5 31. Rd2 Rxd2 32. Qxd2 Rd8 33. Qe3 Re8 34. a3 Qe7 35. Re1 Qh4 36. Kg2 Nd3 37. Nxd3 Rxe3 38. Rxe3 Qd8 39. Be2 Bd5+ 40. Bf3 Bc4 41. Be4 Qh4 42. Rf3 Be6 43. Re3 Qf6 44. Rf3 Qh4 45. Rg3 Bc4 46. Rg4 Qd8 47. Rg3 Qh4 1/2-1/2

[Event "South Wales op 7th"]
[Site "Treforest"]
[Date "2010.07.15"]
[Round "9"]
[White "Thomas, James M"]
[Black "Brown, Thomas"]
[Result "0-1"]
[WhiteElo "1900"]
[BlackElo "2064"]
[PlyCount "62"]
[EventDate "2010.07.10"]
[EventType "swiss"]
[EventRounds "9"]
[EventCountry "WLS"]
[SourceTitle "CBM 137 Extra"]
[Source "ChessBase"]
[SourceDate "2010.09.01"]
[SourceVersion "1"]
[SourceVersionDate "2010.09.01"]
[SourceQuality "1"]

1. e4 c6 2. d4 d5 3. exd5 cxd5 4. Nf3 Nf6 5. Bd3 Nc6 6. h3 g6 7. c3 Bg7 8. Bf4 0-0 9. 0-0 Bf5 10. Bxf5 gxf5 11. Re1 Ne4 12. Nbd2 f6 13. Nxe4 fxe4 14. Nh4 f5 15. Qh5 Qe8 16. Qg5 Qf7 17. Qg3 Kh8 18. f3 Rg8 19. Qf2 Qh5 20. fxe4 fxe4 21. g4 Bf6 22. Bg3 Bxh4 23. gxh5 Bxg3 24. Qf5 Bxe1+ 25. Kh1 Raf8 26. Qxd5 Rf1+ 27. Kh2 Bg3+ 28. Kg2 Rxa1 29. Qxe4 Re1 30. Qd3 Bh4+ 31. Kh2 Reg1 0-1

[Event "South Wales op 7th"]
[Site "Treforest"]
[Date "2010.07.14"]
[Round "7"]
[White "Pleasants, Allan J"]
[Black "Thomas, James M"]
[Result "1/2-1/2"]
[WhiteElo "2032"]
[BlackElo "1900"]
[PlyCount "70"]
[EventDate "2010.07.10"]
[EventType "swiss"]
[EventRounds "9"]
[EventCountry "WLS"]
[SourceTitle "CBM 137 Extra"]
[Source "ChessBase"]
[SourceDate "2010.09.01"]
[SourceVersion "1"]
[SourceVersionDate "2010.09.01"]
[SourceQuality "1"]

1. d4 Nf6 2. Nf3 c5 3. dxc5 Na6 4. Be3 e6 5. Nc3 Nxc5 6. Bd4 d5 7. e3 a6 8. Be2 Be7 9. Ne5 0-0 10. 0-0 Ncd7 11. f4 Nxe5 12. fxe5 Nd7 13. Bd3 g6 14. Qg4 Nc5 15. Rf6 Nxd3 16. cxd3 Bxf6 17. exf6 e5 18. Qg5 exd4 19. Nxd5 Kh8 20. Rf1 Be6 21. Ne7 Qe8 22. Rf4 Rg8 23. Rh4 Qf8 24. Rh6 Bg4 25. h3 Bh5 26. exd4 Rd8 27. d5 Rd6 28. g4 Qd8 29. Nxg8 Qb6+ 30. Kg2 Kxg8 31. gxh5 Rxf6 32. Qd2 Qd4 33. hxg6 Qxd5+ 34. Kh2 Qe5+ 35. Kg2 Qd5+ 1/2-1/2